000 00620cam a2200217 4500
001 3153349
005 20180222083111.0
008 701102s1970 mau b 001 0 eng
010 _a 74118266
020 _a0700001956
040 _aDLC
_cDLC
_dDLC
041 _aeng
080 _a616.8915 NAT
082 0 0 _a616.8915 NAT
100 _a4
101 _aSHM
245 0 0 _aFamily therapy in transition.
_cEdited by Nathan W. Ackerman, in collaboration with Judith Lieb [and] John K. Pearce.
504 _aIncludes bibliographies.
906 _a7
_bcbc
_corignew
_d4
_encip
_f19
_gy-gencatlg
942 _2ddc
_cBK
999 _c43212
_d43212